=LDR 00000nam 2200000 4500 =001 INLIS000000000039449 =005 20130612145057 =008 ***********************************ind** =035 ##$$a0010-061300000039449 =041 ##$$a ind =082 ##$$a 650.107 =090 ##$$a 650.107 , Hen, s =100 ##$$a HENDRAWAN, Tau =245 ##$$a Spirit Bisnis For Kids , Merangsang Kreatifitas Anak di Usia Emas , Tau Hendrawan =260 ##$$a 2010 $b Yogyakarta =300 ##$$a 130 hlm. , Illus , 25 cm =650 ##$$a BISNIS - PENDIDIKAN =700 ##$$a PUSPITASARI, Intan =850 ##$$a NBPNMAT =990 ##$$a 0001/BPAP-NTB/20142014 =990 ##$$a 1297512975 =990 ##$$a 01201712975 =990 ##$$a 0001/BPAP-NTB/20142014